| 000 | 00917nam a22003017a 4500 | ||
|---|---|---|---|
| 001 | BR6007481 | ||
| 003 | BR-BrBNA | ||
| 005 | 20230928083300.0 | ||
| 007 | ta | ||
| 008 | 230509b bl.||||| |||| 00| 0 por d | ||
| 040 |
_aBR-BrBNA _bpor _cBiblioteca Nacional de Agricultura |
||
| 041 | _a(Por) | ||
| 072 |
_aF60 _b1950 _b3575 |
||
| 090 | _ 1950 BR6007481 | ||
| 100 | 1 | _aCosta, W.F. | |
| 110 | 1 |
_aEscola Nacional de Agronomia, Itaguai, GB (Brasil) _0Tese (Catedra) _94326 |
|
| 245 | 1 | _aInfluencia do estadio de maturacao sobre a ocorrencia de sementes impermeaveis em plantas da familia leguminosae [Leguminosa forrageira] | |
| 260 | 3 |
_aItaguai, GB (Brasil): _c1957. |
|
| 300 | _a56 p. | ||
| 500 | _a13 ref. | ||
| 650 | _aProducao vegetal | ||
| 650 | _aLeguminosa forrageira | ||
| 650 | _aSemente | ||
| 650 | _aGerminacao | ||
| 650 | _aMaturacao | ||
| 909 |
_a202309 _bLucia _c55 _dLucia Elande |
||
| 942 | _cBK | ||
| 999 |
_c12566 _d12566 |
||